Statystyki dla Stacje kolejowe na linii kolejowej Wrocław - Jelcz - Opole

Kliknij tutaj aby rozwiązać quiz!

Ogólne statystyki

  • Ten quiz został rozwiązany 27 razy
  • Średni wynik to 9 z 22

Statystyki odpowiedzi

HintOdpowiedź% Poprawnych
1.Wrocław Główny
94%
7.Jelcz-Laskowice
88%
22.Opole Główne
88%
2.Wrocław Brochów
71%
3.Siechnice
65%
6.Jelcz Miłoszyce
59%
15.Karłowice
47%
5.Czernica Wrocławska
41%
21.Opole Wschodnie
41%
10.Biskupice Oławskie
35%
16.Popielów
35%
4.Zakrzów Kotowice
35%
18.Dobrzeń Wielki
29%
19.Opole Borki
29%
9. (NŻ)Minkowice Oławskie
24%
20.Opole Czarnowąsy
24%
12.Rogalice
24%
11.Borucice
18%
17.Chróścice
18%
8. (NŻ)Kopalina
18%
13.Mąkoszyce
18%
14.Tarnowiec Brzeski
12%

Rozkład punktacji

Percentyl według liczby udzielonych odpowiedzi

Procent ludzi z każdym wynikiem

Twoja historia wyników

Nie rozwiązałeś tego quizu